[Event "GER-chT Seniors 21st"]
[Site "Berlin"]
[Date "2012.09.11"]
[Round "2.84"]
[White "Thormann, Wolfgang"]
[Black "Raedeker, Bernd"]
[Result "1/2-1/2"]
[WhiteElo "2200"]
[BlackElo "2059"]
[PlyCount "70"]
[EventDate "2012.09.10"]
[EventType "team-swiss"]
[EventRounds "7"]
[EventCountry "GER"]
[SourceTitle "CBM 150 Extra"]
[Source "ChessBase"]
[SourceDate "2012.10.19"]
[SourceVersion "1"]
[SourceVersionDate "2012.10.19"]
[SourceQuality "1"]
[WhiteTeam "Berlin Seniors"]
[BlackTeam "Wuerttemberg Seniors II"]
[WhiteTeamCountry "GER"]
[BlackTeamCountry "GER"]

1. b3 d5 2. Bb2 Bg4 3. g3 c6 4. Bg2 Nd7 5. c4 dxc4 6. bxc4 e5 7. Nf3 Qc7 8. 0-0 Ngf6 9. d3 Bc5 10. Nbd2 0-0 11. Qc2 Rfe8 12. Nb3 Bf8 13. h3 Bh5 14. Nh4 a5 15. a4 Nc5 16. g4 Bg6 17. Nxg6 hxg6 18. Nxc5 Bxc5 19. e3 Rad8 20. Rfd1 g5 21. Bc3 Ra8 22. Rab1 Ra7 23. Rb3 Bf8 24. Rdb1 Nd7 25. d4 exd4 26. Bxd4 Bc5 27. Qf5 Bxd4 28. exd4 f6 29. Be4 Nf8 30. Kg2 g6 31. Qf3 Kg7 32. d5 Nd7 33. Qe3 b6 34. f3 cxd5 35. cxd5 Qd6 1/2-1/2

[Event "Bad Woerishofen Seniors op 28th"]
[Site "Bad Woerishofen"]
[Date "2012.03.08"]
[Round "7.4"]
[White "Raedeker, Bernd"]
[Black "Lainburg, Victor"]
[Result "0-1"]
[WhiteElo "2096"]
[BlackElo "2041"]
[PlyCount "53"]
[EventDate "2012.03.02"]
[EventType "swiss"]
[EventRounds "9"]
[EventCountry "GER"]
[SourceTitle "EXT 2022"]
[Source "ChessBase"]
[SourceDate "2021.10.06"]
[SourceVersion "1"]
[SourceVersionDate "2021.10.06"]
[SourceQuality "1"]

1. Nf3 c5 2. e4 d6 3. d4 cxd4 4. Nxd4 Nf6 5. Nc3 e6 6. Be3 a6 7. f3 Be7 8. Qd2 Bd7 9. 0-0-0 Nc6 10. g4 h6 11. Kb1 Qc7 12. Nb3 Ne5 13. Qf2 b5 14. Bb6 Qc8 15. Na5 Rb8 16. h3 Nxf3 17. Ba7 Ra8 18. e5 Nxe5 19. Bg2 d5 20. Rhe1 Nc6 21. Nxc6 Bxc6 22. Nxd5 Bxd5 23. Bxd5 Nxd5 24. Rxd5 Qb7 25. Rf5 Qxa7 26. Rxf7 Qxf2 27. Rxf2 0-1

[Event "Bad Woerishofen Seniors op 28th"]
[Site "Bad Woerishofen"]
[Date "2012.03.03"]
[Round "2.3"]
[White "Huhn, Ulrich"]
[Black "Raedeker, Bernd"]
[Result "0-1"]
[WhiteElo "1802"]
[BlackElo "2096"]
[PlyCount "106"]
[EventDate "2012.03.02"]
[EventType "swiss"]
[EventRounds "9"]
[EventCountry "GER"]
[SourceTitle "EXT 2022"]
[Source "ChessBase"]
[SourceDate "2021.10.06"]
[SourceVersion "1"]
[SourceVersionDate "2021.10.06"]
[SourceQuality "1"]

1. d4 d5 2. Nc3 Nf6 3. Bg5 Nbd7 4. f3 c5 5. e4 cxd4 6. Qxd4 e5 7. Qd2 d4 8. Nd5 Be7 9. Nxe7 Qxe7 10. Bc4 h6 11. Bh4 Nxe4 12. Bxe7 Nxd2 13. Kxd2 Kxe7 14. Ne2 Nb6 15. Bb3 a5 16. a3 a4 17. Ba2 Be6 18. Bxe6 Kxe6 19. Kd3 Rhc8 20. f4 f6 21. c3 dxc3 22. bxc3 Rd8+ 23. Kc2 Nc4 24. Rhe1 Kf7 25. fxe5 fxe5 26. Ra2 Ra6 27. Ng3 Rd2+ 28. Kb1 Rb6+ 29. Ka1 Rxa2+ 30. Kxa2 Rb2+ 31. Ka1 Rxg2 32. Rb1 b6 33. Rb4 Nxa3 34. Rxa4 Nb5 35. Rc4 Rxh2 36. Ne4 Re2 37. Rb4 Ke6 38. Rxb5 Rxe4 39. Rxb6+ Kd5 40. Rg6 Ra4+ 41. Kb2 Ra7 42. Kc2 Ke4 43. Re6 h5 44. Kd2 h4 45. Rg6 Kf3 46. Rg5 Kf4 47. Rg1 h3 48. Re1 h2 49. Kd3 g5 50. Re4+ Kf5 51. Re1 g4 52. Rf1+ Kg5 53. Ke3 g3 0-1

[Event "MVP-ch Seniors op 11th"]
[Site "Binz"]
[Date "2011.12.08"]
[Round "9.5"]
[White "Raedeker, Bernd"]
[Black "Lehmann, Erwin"]
[Result "1-0"]
[WhiteElo "2106"]
[BlackElo "1935"]
[PlyCount "45"]
[EventDate "2011.11.30"]
[EventType "swiss"]
[EventRounds "9"]
[EventCountry "GER"]
[SourceTitle "EXT 2013"]
[Source "ChessBase"]
[SourceDate "2012.11.22"]
[SourceVersion "1"]
[SourceVersionDate "2012.11.22"]
[SourceQuality "1"]

1. d4 d5 2. c4 e6 3. Nc3 c5 4. e3 Nf6 5. Nf3 Nc6 6. a3 dxc4 7. Bxc4 Be7 8. 0-0 0-0 9. Qe2 a6 10. Rd1 Qc7 11. dxc5 Bxc5 12. b4 Be7 13. Bb2 b5 14. Bd3 h6 15. Rac1 Bb7 16. Ne4 Nxe4 17. Bxe4 Rfd8 18. Rxd8+ Rxd8 19. Ne5 Bf6 20. Bxc6 Bxc6 21. Rxc6 Bxe5 22. Rxc7 Bxc7 23. f4 1-0

[Event "MVP-ch Seniors op 11th"]
[Site "Binz"]
[Date "2011.12.05"]
[Round "6.15"]
[White "Rollwitz, Juergen"]
[Black "Raedeker, Bernd"]
[Result "0-1"]
[WhiteElo "1787"]
[BlackElo "2106"]
[PlyCount "154"]
[EventDate "2011.11.30"]
[EventType "swiss"]
[EventRounds "9"]
[EventCountry "GER"]
[SourceTitle "EXT 2013"]
[Source "ChessBase"]
[SourceDate "2012.11.22"]
[SourceVersion "1"]
[SourceVersionDate "2012.11.22"]
[SourceQuality "1"]

1. d4 d5 2. c4 e6 3. g3 c5 4. Bg2 cxd4 5. cxd5 e5 6. e3 Bb4+ 7. Bd2 Bxd2+ 8. Qxd2 dxe3 9. Qxe3 Qe7 10. Nc3 Nf6 11. Nf3 0-0 12. 0-0 Nbd7 13. Rfe1 Re8 14. Rad1 Qb4 15. Qd2 a6 16. Ne4 Qxd2 17. Rxd2 Nxe4 18. Rxe4 f6 19. Re1 Rd8 20. Bh3 Nb6 21. Bg2 Nc4 22. Rc2 b5 23. b3 Bf5 24. Rcc1 Nb6 25. Nh4 Bd7 26. f4 exf4 27. gxf4 Rac8 28. Rxc8 Rxc8 29. Be4 Re8 30. Kf2 g6 31. Ng2 Kf8 32. Bf3 Rxe1 33. Kxe1 Ke7 34. Kd2 Kd6 35. Ne3 g5 36. fxg5 fxg5 37. Kd3 Ke5 38. Bg2 h5 39. Kc3 a5 40. a4 bxa4 41. Nc4+ Nxc4 42. bxc4 a3 43. Kb3 Kd4 44. Bf1 g4 45. Kxa3 h4 46. Kb3 g3 47. hxg3 hxg3 48. Bg2 Be8 49. Bh3 Bh5 50. Bg2 Bd1+ 51. Ka3 Kxc4 52. d6 Bg4 53. Ka4 Kc5 54. Kxa5 Kxd6 55. Kb4 Ke5 56. Kc3 Kf4 57. Kd2 Bf3 58. Bh3 Kg5 59. Ke1 Kh4 60. Bf1 Bd5 61. Kd2 Kg4 62. Ke3 Bf3 63. Kd2 Kf4 64. Ke1 Ke3 65. Bh3 Bg4 66. Bg2 Be2 67. Bh3 Kf3 68. Bf1 Ke3 69. Bg2 Bd3 70. Bh3 Kf3 71. Bf1 Bf5 72. Bb5 Kg2 73. Bc6+ Kh2 74. Bd5 Bh3 75. Bc6 Bg2 76. Bb5 Bd5 77. Bf1 Bc4 0-1

[Event "MVP-ch Seniors op 11th"]
[Site "Binz"]
[Date "2011.12.04"]
[Round "5.34"]
[White "Raedeker, Bernd"]
[Black "Wulf, Adalbert"]
[Result "1-0"]
[WhiteElo "2106"]
[BlackElo "1783"]
[PlyCount "79"]
[EventDate "2011.11.30"]
[EventType "swiss"]
[EventRounds "9"]
[EventCountry "GER"]
[SourceTitle "EXT 2013"]
[Source "ChessBase"]
[SourceDate "2012.11.22"]
[SourceVersion "1"]
[SourceVersionDate "2012.11.22"]
[SourceQuality "1"]

1. d4 d5 2. c4 c6 3. Nf3 Nf6 4. e3 g6 5. Nc3 Bg7 6. Bd3 0-0 7. 0-0 Nbd7 8. cxd5 cxd5 9. Qb3 e6 10. Bd2 a6 11. Rfc1 b6 12. Na4 Re8 13. Bb4 Bf8 14. Bxf8 Kxf8 15. Rc2 Bb7 16. Rac1 Rc8 17. Rxc8 Bxc8 18. h3 Bb7 19. Rc3 b5 20. Nc5 Nxc5 21. Rxc5 Nd7 22. Rc3 Qb8 23. a4 bxa4 24. Qxa4 Qd6 25. Qa5 Rb8 26. Nd2 e5 27. Nb3 exd4 28. exd4 Qb6 29. Qa3+ Kg7 30. Nc5 Nxc5 31. dxc5 Qc6 32. Rb3 d4 33. Bf1 Rd8 34. Rb6 Qc8 35. Qb4 Be4 36. Rd6 Rxd6 37. cxd6 Bf5 38. Qxd4+ Kg8 39. b4 Be6 40. Qb6 1-0

[Event "Hessen-ch Seniors op 07th"]
[Site "Bad Sooden-Allendorf"]
[Date "2011.05.07"]
[Round "8"]
[White "Fleischer, Matthias"]
[Black "Raedeker, Bernd"]
[Result "0-1"]
[WhiteElo "1768"]
[BlackElo "2085"]
[PlyCount "61"]
[EventDate "2011.04.30"]
[EventType "swiss"]
[EventRounds "9"]
[EventCountry "GER"]
[SourceTitle "EXT 2012"]
[Source "ChessBase"]
[SourceDate "2011.11.24"]
[SourceVersion "1"]
[SourceVersionDate "2011.11.24"]
[SourceQuality "1"]

1. d4 Nf6 2. c4 c5 3. Nf3 g6 4. Nc3 Bg7 5. d5 d6 6. e4 0-0 7. Be2 e6 8. 0-0 exd5 9. exd5 a6 10. h3 Re8 11. Bg5 Qb6 12. Rb1 Nbd7 13. Bf4 Ne5 14. Nxe5 dxe5 15. Be3 Qd6 16. Qd2 Bf5 17. Bd3 Nd7 18. Be4 b5 19. cxb5 axb5 20. Bxf5 gxf5 21. Qc2 b4 22. Nb5 Qb6 23. a4 f4 24. Bc1 Rac8 25. Qc4 Qg6 26. Bd2 Bf8 27. Na7 Ra8 28. Nc6 Nb6 29. Qe2 Nxd5 30. Qg4 Qxg4 31. hxg4 0-1

[Event "Hessen-ch Seniors op 07th"]
[Site "Bad Sooden-Allendorf"]
[Date "2011.05.03"]
[Round "4"]
[White "Bachmann, Rolf"]
[Black "Raedeker, Bernd"]
[Result "0-1"]
[WhiteElo "1882"]
[BlackElo "2085"]
[PlyCount "50"]
[EventDate "2011.04.30"]
[EventType "swiss"]
[EventRounds "9"]
[EventCountry "GER"]
[SourceTitle "EXT 2012"]
[Source "ChessBase"]
[SourceDate "2011.11.24"]
[SourceVersion "1"]
[SourceVersionDate "2011.11.24"]
[SourceQuality "1"]

1. d4 d5 2. c4 e6 3. Nc3 c5 4. cxd5 cxd4 5. Qxd4 Nc6 6. Qa4 exd5 7. Nf3 Nf6 8. Bg5 Be7 9. e3 0-0 10. Be2 h6 11. Bh4 Be6 12. 0-0 a6 13. Rac1 b5 14. Qc2 Rc8 15. Qb1 Qd7 16. Rfd1 b4 17. Na4 Qa7 18. b3 Ne4 19. Bxe7 Nxe7 20. Qd3 Rxc1 21. Rxc1 Rc8 22. Rxc8+ Bxc8 23. Nd4 Qc7 24. f3 Qc1+ 25. Qd1 Qxe3+ 0-1

[Event "Hessen-ch Seniors op 07th"]
[Site "Bad Sooden-Allendorf"]
[Date "2011.05.01"]
[Round "2"]
[White "Kuehn, Peter1"]
[Black "Raedeker, Bernd"]
[Result "1/2-1/2"]
[WhiteElo "1859"]
[BlackElo "2085"]
[PlyCount "43"]
[EventDate "2011.04.30"]
[EventType "swiss"]
[EventRounds "9"]
[EventCountry "GER"]
[SourceTitle "EXT 2012"]
[Source "ChessBase"]
[SourceDate "2011.11.24"]
[SourceVersion "1"]
[SourceVersionDate "2011.11.24"]
[SourceQuality "1"]

1. e4 e5 2. Nf3 Nc6 3. d4 exd4 4. Nxd4 Bb4+ 5. c3 Be7 6. Be3 Nf6 7. Nxc6 bxc6 8. f3 Rb8 9. Qc2 a5 10. Bd3 d5 11. e5 Nd7 12. f4 g6 13. 0-0 Nc5 14. Bxc5 Bxc5+ 15. Kh1 f5 16. exf6 Qxf6 17. Nd2 0-0 18. Rae1 Bd7 19. Nf3 Bf5 20. b3 Bd6 21. Ne5 Rbe8 22. Bxf5 1/2-1/2

[Event "Mecklenburg VP-ch Seniors op 09th"]
[Site "Binz"]
[Date "2009.12.02"]
[Round "2.7"]
[White "Kuehn, Peter1"]
[Black "Raedeker, Bernd"]
[Result "1/2-1/2"]
[WhiteElo "1847"]
[BlackElo "2112"]
[PlyCount "21"]
[EventDate "2009.12.01"]
[EventType "swiss"]
[EventRounds "9"]
[EventCountry "GER"]
[SourceTitle "EXT 2022"]
[Source "ChessBase"]
[SourceDate "2021.10.06"]
[SourceVersion "1"]
[SourceVersionDate "2021.10.06"]
[SourceQuality "1"]

1. e4 e6 2. d4 d5 3. Nd2 Nf6 4. e5 Nfd7 5. Bd3 c5 6. c3 Nc6 7. Ne2 f6 8. exf6 Nxf6 9. Nf3 Qc7 10. Bf4 Bd6 11. Bxd6 1/2-1/2

[Event "GER-chT Seniors 18th"]
[Site "Finsterbergen"]
[Date "2009.09.18"]
[Round "7"]
[White "Mueller, Rudolf"]
[Black "Raedeker, Bernd"]
[Result "1/2-1/2"]
[WhiteElo "2230"]
[BlackElo "2215"]
[PlyCount "83"]
[EventDate "2009.09.12"]
[EventType "team-swiss"]
[EventRounds "7"]
[EventCountry "GER"]
[SourceTitle "CBM 132 Extra"]
[Source "ChessBase"]
[SourceDate "2009.11.03"]
[SourceVersion "1"]
[SourceVersionDate "2009.11.03"]
[SourceQuality "1"]

1. e4 e6 2. d4 d5 3. e5 c5 4. c3 Nc6 5. Nf3 Bd7 6. dxc5 Bxc5 7. Bd3 Nge7 8. 0-0 Ng6 9. Qe2 0-0 10. b4 Be7 11. g3 f6 12. Bxg6 hxg6 13. exf6 Bxf6 14. b5 Na5 15. Ba3 Re8 16. Bb4 Nc4 17. a4 a6 18. bxa6 Rxa6 19. Qc2 Kf7 20. Nbd2 Nxd2 21. Nxd2 Qc7 22. a5 Bb5 23. Rfe1 Rc6 24. Qb1 Ba6 25. Nf3 e5 26. Rd1 Be2 27. Kg2 e4 28. Nd4 Bxd4 29. Rxd4 Bf3+ 30. Kf1 e3 31. Rf4+ Rf6 32. Rxf6+ gxf6 33. Qd3 Qc8 34. Kg1 Qh3 35. Qf1 Qxf1+ 36. Kxf1 e2+ 37. Ke1 Rh8 38. h4 g5 39. Kd2 gxh4 40. gxh4 Rxh4 41. Bc5 Ke6 42. Bd4 1/2-1/2

[Event "Hessen-ch Seniors op 05th"]
[Site "Bad Sooden-Allendorf"]
[Date "2009.04.26"]
[Round "2"]
[White "Schneider, Miloca"]
[Black "Raedeker, Bernd"]
[Result "1/2-1/2"]
[WhiteElo "1840"]
[BlackElo "2086"]
[PlyCount "53"]
[EventDate "2009.04.25"]
[EventType "swiss"]
[EventRounds "9"]
[EventCountry "GER"]
[SourceTitle "EXT 2022"]
[Source "ChessBase"]
[SourceDate "2021.10.06"]
[SourceVersion "1"]
[SourceVersionDate "2021.10.06"]
[SourceQuality "1"]

1. d4 c5 2. c3 b6 3. e3 Bb7 4. Nf3 Nf6 5. Nbd2 g6 6. Be2 Bg7 7. 0-0 0-0 8. Ne5 d6 9. Bf3 d5 10. c4 cxd4 11. exd4 Nc6 12. Nxc6 Bxc6 13. cxd5 Bxd5 14. Bxd5 Nxd5 15. Nf3 Rc8 16. Qb3 e6 17. Be3 Qd6 18. a3 Rc7 19. Rac1 Rfc8 20. Qa4 Nf4 21. Rxc7 Rxc7 22. Qe8+ Bf8 23. Rd1 Nh5 24. g3 Ng7 25. Qa8 Qc6 26. Qxc6 Rxc6 27. Ne5 1/2-1/2

[Event "Hessen-ch Seniors op 04th"]
[Site "Bad Sooden-Allendorf"]
[Date "2008.04.29"]
[Round "6"]
[White "Ljubarskij, Jurij"]
[Black "Raedeker, Bernd"]
[Result "1-0"]
[WhiteElo "2218"]
[BlackElo "2140"]
[PlyCount "83"]
[EventDate "2008.04.24"]
[EventType "swiss"]
[EventRounds "9"]
[EventCountry "GER"]
[SourceTitle "EXT 2022"]
[Source "ChessBase"]
[SourceDate "2021.10.06"]
[SourceVersion "1"]
[SourceVersionDate "2021.10.06"]
[SourceQuality "1"]

1. e4 c5 2. Nc3 e6 3. f4 a6 4. Nf3 d5 5. d3 Nc6 6. g3 Nf6 7. e5 d4 8. Nb1 Nd5 9. Bg2 Be7 10. 0-0 0-0 11. c4 dxc3 12. bxc3 Rb8 13. h4 h6 14. Qe2 b5 15. Rd1 b4 16. cxb4 cxb4 17. Bb2 Qb6+ 18. d4 a5 19. Nbd2 Ba6 20. Qe4 a4 21. Rac1 Na5 22. f5 Rfc8 23. g4 Qd8 24. fxe6 fxe6 25. g5 hxg5 26. Qg4 Nf4 27. hxg5 Qf8 28. d5 exd5 29. Nd4 Rxc1 30. Rxc1 Rb6 31. Bf1 Bb7 32. N2f3 Nc4 33. Bxc4 dxc4 34. Rxc4 Ne2+ 35. Nxe2 Bxf3 36. Qd7 Bb7 37. Rf4 Qd8 38. Qf5 Qd1+ 39. Kf2 Bc5+ 40. Bd4 Bxd4+ 41. Rxd4 g6 42. Qd7 1-0